000 00302nam a22001217a 4500
040 _cHS
082 _a333
100 _aបូរ៉ា កាធី
245 _aគ្រប់គ្រងកសិដ្ឋាន
260 _aRUA
_bបូរ៉ា កាធី
_c2002
300 _a122p;
942 _cKB
999 _c9715
_d9715